000 00630nam a22002172 4500
001 0000023647
005 20151217145942.0
008 130313s xx 000 0 eng d
020 _a0073406725 :
040 _aKABU
_cKABU
100 1 _aGamble, Teri Kwal.
_@0000067320
245 1 0 _aCommunication works /
_cTeri Kwal Gamble, Michael Gamble.
250 _a9th ed.
260 _aNew York :
_bMcGraw Hill,
_c2009.
300 _axx, 524 p.
650 0 _aCommunication.
_@0000151592
700 1 _aGamble, Michael.
_@0000183236
852 1 _9p3604 KES
908 _a130313
950 _@1
999 _c4402
_d4402